Teddy bear, Teddy bear, turn around / (Record no. 104098)
[ view plain ]
| 000 -LEADER | |
|---|---|
| fixed length control field | 00431nam a2200157 a 4500 |
| 005 - DATE AND TIME OF LATEST TRANSACTION | |
| control field | 20140412111313.0 |
| 008 - FIXED-LENGTH DATA ELEMENTS--GENERAL INFORMATION | |
| fixed length control field | 110408s19uu xx 00 eng d |
| 020 ## - INTERNATIONAL STANDARD BOOK NUMBER | |
| International Standard Book Number | 1-57584-262-9 |
| 050 ## - LIBRARY OF CONGRESS CALL NUMBER | |
| Classification number | ER |
| Item number | Te22 1999 |
| 100 ## - MAIN ENTRY--PERSONAL NAME | |
| Personal name | Hood Susan |
| 245 ## - TITLE STATEMENT | |
| Title | Teddy bear, Teddy bear, turn around / |
| Statement of responsibility, etc | Hood, Susan. |
| 260 ## - PUBLICATION, DISTRIBUTION, ETC. (IMPRINT) | |
| Place of publication, distribution, etc | NY : |
| Name of publisher, distributor, etc | Readers digest, |
| Date of publication, distribution, etc | 1999. |
| 300 ## - PHYSICAL DESCRIPTION | |
| Extent | unp. |
| 440 ## - SERIES STATEMENT/ADDED ENTRY--TITLE | |
| Title | Reader's digest children's books |
| Withdrawn status | Lost status | Damaged status | Home library | Current library | Shelving location | Date acquired | Source of acquisition | Total Checkouts | Full call number | Barcode | Date last seen | Price effective from | Koha item type |
|---|---|---|---|---|---|---|---|---|---|---|---|---|---|
| Elizalde Library | Elizalde Library | Easy Reading Section | 04/08/2011 | ER Te22 1999 | E6455 | 04/12/2014 | 04/12/2014 | Books |